000 00521nam a2200181Ia 4500
003 OSt
005 20240401101316.0
008 210210b1933 xxu||||| |||| 00| 0 eng d
040 _cAL
041 _aKannada
082 _a858/52
100 _aGUNDAPPA (D V)
_9131927
_dಗುಂಡಪ್ಪ (ಡಿ ವಿ).
245 _aVidyaranyara samakalinaru
_bವಿದ್ಯಾರಣ್ಯರ ಸಮಕಾಲೀನರು
260 _aBengaluru
_b-
_c1933
690 _aBiography
_9131930
906 _a020596
942 _2ddc
_cBK
999 _c144749
_d144749